<?xml version="1.0" encoding="UTF-8"?>
<collection xmlns="http://www.loc.gov/MARC21/slim">
 <record>
  <leader>     na                 </leader>
  <controlfield tag="001">INLIS000000001504754</controlfield>
  <controlfield tag="005">20260429090554</controlfield>
  <controlfield tag="007">ta</controlfield>
  <controlfield tag="008">260429                |          | |  </controlfield>
  <datafield tag="035" ind1=" " ind2=" ">
   <subfield code="a">0010-0426000076</subfield>
  </datafield>
  <datafield tag="082" ind1=" " ind2=" ">
   <subfield code="a">L.310-25153</subfield>
  </datafield>
  <datafield tag="084" ind1=" " ind2=" ">
   <subfield code="a">L.310-25153 RAT s</subfield>
  </datafield>
  <datafield tag="100" ind1="0" ind2=" ">
   <subfield code="a">RATNA RAHMADHANI</subfield>
   <subfield code="e">Pengarang</subfield>
  </datafield>
  <datafield tag="245" ind1="1" ind2=" ">
   <subfield code="a">STRATEGI PENGEMBANGAN USAHA TERNAK DOMBA PADA PETERNAKAN MAJU LESTARI FARM /</subfield>
   <subfield code="c">Polbangtan Malang</subfield>
  </datafield>
  <datafield tag="264" ind1=" " ind2=" ">
   <subfield code="a">Malang :</subfield>
   <subfield code="b">Polbangtan Malang,</subfield>
   <subfield code="c">2025</subfield>
  </datafield>
  <datafield tag="300" ind1=" " ind2=" ">
   <subfield code="a">91 hlm</subfield>
  </datafield>
  <datafield tag="336" ind1=" " ind2=" ">
   <subfield code="2">rdacontent</subfield>
   <subfield code="a">Text</subfield>
  </datafield>
  <datafield tag="337" ind1=" " ind2=" ">
   <subfield code="2">rdamedia</subfield>
   <subfield code="a">Buku Tercetak</subfield>
  </datafield>
  <datafield tag="338" ind1=" " ind2=" ">
   <subfield code="2">rdacarrier</subfield>
   <subfield code="a">Hardcopy</subfield>
  </datafield>
  <datafield tag="520" ind1=" " ind2=" ">
   <subfield code="a">Peternakan domba menjadi salah satu sektor agribisnis yang memiliki peluang&#13;
bisnis menjanjikan, terutama di wilayah dengan ketersediaan bahan pakan yang&#13;
melimpah seperti Kecamatan Panggul, Kabupaten Trenggalek. Namun,&#13;
pengelolaan usaha yang masih bersifat tradisional, modal yang terbatas, serta&#13;
belum optimalnya strategi pemasaran menjadi tantangan utama dalam&#13;
pengembangan usaha tersebut. Penelitian ini memiliki tujuan untuk menyusun&#13;
strategi pengembangan usaha Peternakan Maju Lestari farm melalui analisis&#13;
SWOT dan penerapan matriks QSPM guna meningkatkan daya saing dan&#13;
mempertahankan keberlanjutan usahanya. Metode penelitian yang digunakan&#13;
adalah deskriptif kuantitatif dan menggunakan pengumpulan data melalui&#13;
observasi, wawancara, dan studi literatur. Analisis data penelitian ini menerapkan&#13;
analisis matriks Internal Factor Evaluation (IFE), matriks External Factor&#13;
Evaluation (EFE), Kuadran SWOT, matriks SWOT, Quantitative Strategies&#13;
Planning Matriks (QSPM), dan analisis kelayakan finansial. Hasil kajian ini&#13;
menunjukkan bahwa Peternakan Maju Lestari Farm memiliki masing-masing 5&#13;
faktor kekuatan, kelemahan, peluang, dan ancaman. Hasil kuadran SWOT&#13;
menyatakan bahwa perusahaan berada pada posisi I yang artinya posisi&#13;
perusahaan menguntungkan dan strategi yang dibutuhkan adalah strategi&#13;
progresif. Hasil analisis SWOT diperoleh satu set alternatif strategi rekomendasi&#13;
untuk pengembangan usaha Peternakan Maju Lestari Farm dengan strategi&#13;
prioritas berdasarkan QSPM adalah konsistensi dan peningkatan produksi untuk&#13;
memenuhi permintaan serta memanfaatkan dukungan pemerintah. Hasil analisis&#13;
kelayakan finansial Peternakan Maju Lestari Farm layak dan menguntungkan&#13;
dengan hasil R/C 1,34, BEP unit 38 ekor, BEP harga Rp. 1.152.758, ROI 0,10%,&#13;
dan PP 9 tahun.</subfield>
  </datafield>
  <datafield tag="650" ind1=" " ind2="4">
   <subfield code="a">Strategi Pengembangan, Peternakan Domba, Analisis SWOT, QSPM</subfield>
  </datafield>
  <datafield tag="856" ind1=" " ind2=" ">
   <subfield code="a">https://repository.polbangtanmalang.ac.id/xmlui/handle/123456789/2141</subfield>
  </datafield>
  <datafield tag="990" ind1=" " ind2=" ">
   <subfield code="a">L.310-25153</subfield>
  </datafield>
 </record>
</collection>
